000 00613nam a2200253Ia 4500
008 181129s9999 xx 000 0 und d
020 _a9780545257510
050 _bD428 2006
100 _aDerby, Sally
245 0 _aWhoosh went the wind! /
245 0 _cby Sally Derby ; illustrated by Vincent Nguyen.
260 _aNew York, NY :
260 _bScholastic,
260 _c2006
300 _aunpaged :
300 _bcolor illustrations ;
300 _c25cm.
500 _a680L
650 _aCats.
650 _aTeachers.
650 _aWinds.
700 _aNguyen, Vincent.
700 _aTitle.
999 _c359955
_d359955